Statistics for COUNTRIES THAT START WITH "B"

Click here to take the quiz!

General Stats

  • This quiz has been taken 27 times
  • The average score is 15 of 18

Answer Stats

Answer% Correct
BOTSWANA
100%
BRAZIL
96%
BELGIUM
96%
BOLIVIA
96%
BURUNDI
91%
BELIZE
91%
BAHRAIN
87%
BARBADOS
87%
BENIN
87%
BAHAMAS
83%
BHUTAN
83%
BRUNEI
78%
BULGARIA
78%
BURKINA FASO
78%
BELARUS
74%
BANGLADESH
74%
Bosnia and Herzegovina
65%
BERMUDA
13%

Score Distribution

Percentile by Number Answered

Percent of People with Each Score

Your Score History

You have not taken this quiz